000 00641nam a22001937a 4500
003 OSt
005 20250818054239.0
008 250818b |||||||| |||| 00| 0 eng d
020 _a978-0-521-71564-5.
040 _aDWCL-Main lib
_cOC
082 _aCirc. 658.816 S562h 2008
100 _aShy, Oz
245 _aHow to price :
_ba guide to pricing techniques and yield management/
_cOz Shy
260 _aN. Y. :
_bCambridge University Press,
_cc2008.
300 _a xiv, 433 p.
_b: ill. ;
_c25 cm.
504 _aIncludes bibliographical references and index.
650 _a1. Pricing-Mathematical models.
942 _2ddc
_cBK-CIRC
_kCirc.
_n0
999 _c4011
_d4011